Movies Quiz

Random Movies or Animation Quiz

Animated Movie Posters Quiz Stats

Quiz Updated Apr 10, 2016

Challenge
Share
Tweet
Score 0/20 Timer 04:00
1 Play Today
Hint Answer % Correct
6Cars
98.6%
2Frozen
98.3%
3Kung Fu Panda
98.2%
5Ice Age
97%
12WALL·E
96.7%
10The Little Mermaid
95.9%
13A Bug’s Life
94.3%
4Finding Nemo
93.7%
18Snow White and the Seven Dwarfs
92.3%
14Aladdin
90.9%
Hint Answer % Correct
7The Nightmare Before Christmas
88.1%
15How to Train Your Dragon
82%
11Big Hero 6
79.8%
8The Land Before Time
75.6%
1Zootopia
71.8%
17The Iron Giant
71%
19Fantastic Mr. Fox
66%
16Spirited Away
44.5%
20The Prince of Egypt
41.9%
9An American Tail
41.4%

You're not logged in!

Compare scores with friends on all Sporcle quizzes.
Sign Up with Email
OR
Log In

You Might Also Like...

Show Comments

Extras

Top Quizzes Today


Score Distribution

Your Account Isn't Verified!

In order to create a playlist on Sporcle, you need to verify the email address you used during registration. Go to your Sporcle Settings to finish the process.